000 00464 a2200169 4500
005 20260427165831.0
008 260427b |||||||| |||| 00| 0 eng d
020 _a9780231179348
040 _cSDCL
041 _2eng
_aeng
084 _aV46:3(Q7)'P Q7
100 _aRoy, Olivier
_91235792
245 _aIn Search of the Lost Orient :
_bAn Interview
260 _aNew York :
_bColumbia University Press,
_c2017.
300 _axii, 260p.
942 _cTEXL
_2CC
999 _c1848571
_d1848571